[Event "Aleksandria Cup"]
[Site "?"]
[Date "2015.07.18"]
[Round "7.15"]
[White "Patsia, Zviad"]
[Black "Javakhadze, Zurab"]
[Result "0-1"]
[LiveChessVersion "1.3.1"]
[BlackElo "2415"]
[WhiteElo "2231"]

1. e4 {[%clk 1:30:46]} c5 {[%clk 1:27:06]} 2. Nf3 {[%clk 1:31:10]} d6
{[%clk 1:27:30]} 3. d4 {[%clk 1:31:37]} cxd4 {[%clk 1:26:36]} 4. Nxd4
{[%clk 1:32:05]} Nf6 {[%clk 1:26:58]} 5. Nc3 {[%clk 1:32:30]} g6 {[%clk 1:27:23]}
6. Be3 {[%clk 1:32:56]} Bg7 {[%clk 1:27:50]} 7. f3 {[%clk 1:33:22]} a6
{[%clk 1:28:03]} 8. Qd2 {[%clk 1:33:15]} h5 {[%clk 1:26:05]} 9. Bc4
{[%clk 1:31:13]} Nbd7 {[%clk 1:25:36]} 10. O-O-O {[%clk 1:27:09]} b5
{[%clk 1:25:47]} 11. Bb3 {[%clk 1:27:35]} Bb7 {[%clk 1:26:11]} 12. Nd5
{[%clk 1:25:47]} Rc8 {[%clk 1:15:30]} 13. Nxf6+ {[%clk 1:20:29]} Bxf6
{[%clk 1:15:37]} 14. h4 {[%clk 1:12:23]} Ne5 {[%clk 1:12:39]} 15. Bg5
{[%clk 1:11:28]} Bg7 {[%clk 1:12:36]} 16. g4 {[%clk 1:04:16]} hxg4
{[%clk 0:49:58]} 17. h5 {[%clk 1:02:42]} Nc4 {[%clk 0:50:21]} 18. Qf2
{[%clk 0:45:47]} Rc5 {[%clk 0:39:01]} 19. h6 {[%clk 0:32:36]} Bf8
{[%clk 0:29:40]} 20. f4 {[%clk 0:30:06]} Rxg5 {[%clk 0:25:09]} 21. fxg5
{[%clk 0:30:27]} e5 {[%clk 0:25:38]} 22. Bxc4 {[%clk 0:28:14]} bxc4
{[%clk 0:24:15]} 23. Rdf1 {[%clk 0:18:33]} Qxg5+ {[%clk 0:24:39]} 24. Kb1
{[%clk 0:19:00]} Qe7 {[%clk 0:24:56]} 25. Ne2 {[%clk 0:11:34]} Bxe4
{[%clk 0:25:04]} 26. Rh4 {[%clk 0:09:22]} f5 {[%clk 0:25:14]} 27. Nc3
{[%clk 0:08:23]} Bf3 {[%clk 0:25:37]} 28. Qh2 {[%clk 0:07:47]} Qg5
{[%clk 0:25:11]} 29. h7 {[%clk 0:02:43]} Be7 {[%clk 0:25:05]} 30. Rh6
{[%clk 0:03:10]} Kf7 {[%clk 0:25:26]} 0-1

[Event "Aleksandria Cup"]
[Site "?"]
[Date "2015.07.18"]
[Round "7.16"]
[White "Firouzja, Alireza"]
[Black "Poghosyan, Suren"]
[Result "0-1"]
[LiveChessVersion "1.3.1"]
[BlackElo "2273"]
[WhiteElo "2277"]

1. Nf3 {[%clk 1:30:45]} Nf6 {[%clk 1:29:55]} 2. c4 {[%clk 1:30:53]} g6
{[%clk 1:27:06]} 3. Nc3 {[%clk 1:30:33]} c5 {[%clk 1:27:21]} 4. g3
{[%clk 1:28:53]} Bg7 {[%clk 1:27:33]} 5. Bg2 {[%clk 1:29:15]} Nc6
{[%clk 1:27:57]} 6. O-O {[%clk 1:29:29]} O-O {[%clk 1:28:21]} 7. d4
{[%clk 1:29:19]} cxd4 {[%clk 1:28:45]} 8. Nxd4 {[%clk 1:29:42]} Ng4
{[%clk 1:29:07]} 9. e3 {[%clk 1:23:45]} d6 {[%clk 1:26:19]} 10. b3
{[%clk 1:15:08]} Nge5 {[%clk 1:14:00]} 11. Bb2 {[%clk 1:09:37]} Bg4
{[%clk 1:13:49]} 12. f3 {[%clk 1:08:41]} Bd7 {[%clk 1:13:10]} 13. Kh1
{[%clk 1:01:13]} Rc8 {[%clk 1:08:12]} 14. Nde2 {[%clk 0:45:39]} a6
{[%clk 0:57:58]} 15. h3 {[%clk 0:41:00]} Nb4 {[%clk 0:46:34]} 16. Nc1
{[%clk 0:37:09]} a5 {[%clk 0:43:56]} 17. f4 {[%clk 0:36:58]} Nec6
{[%clk 0:44:12]} 18. Qd2 {[%clk 0:34:59]} Re8 {[%clk 0:40:01]} 19. g4
{[%clk 0:33:39]} Rb8 {[%clk 0:26:57]} 20. N1e2 {[%clk 0:32:25]} Na7
{[%clk 0:24:48]} 21. f5 {[%clk 0:25:35]} b5 {[%clk 0:21:57]} 22. a3
{[%clk 0:20:25]} Nbc6 {[%clk 0:18:03]} 23. cxb5 {[%clk 0:15:54]} Nxb5
{[%clk 0:17:37]} 24. Nxb5 {[%clk 0:15:10]} Rxb5 {[%clk 0:17:32]} 25. Bxg7
{[%clk 0:12:05]} Kxg7 {[%clk 0:17:46]} 26. Nd4 {[%clk 0:09:06]} Nxd4
{[%clk 0:17:47]} 27. exd4 {[%clk 0:09:28]} Qb6 {[%clk 0:04:06]} 28. Rae1
{[%clk 0:05:42]} f6 {[%clk 0:04:22]} 29. Re3 {[%clk 0:05:08]} Rxb3
{[%clk 0:03:15]} 30. Rxb3 {[%clk 0:05:20]} Qxb3 {[%clk 0:03:43]} 31. Qxa5
{[%clk 0:05:36]} Qc4 {[%clk 0:03:20]} 32. Qb6 {[%clk 0:04:28]} Rc8
{[%clk 0:02:11]} 33. Re1 {[%clk 0:03:27]} Kf8 {[%clk 0:02:06]} 34. fxg6
{[%clk 0:02:29]} hxg6 {[%clk 0:02:30]} 35. d5 {[%clk 0:01:34]} Qc3
{[%clk 0:02:31]} 36. Qf2 {[%clk 0:01:44]} Re8 {[%clk 0:01:16]} 37. Re3
{[%clk 0:01:41]} Qd4 {[%clk 0:01:24]} 38. Qg3 {[%clk 0:01:00]} Rc8
{[%clk 0:01:32]} 39. Re1 {[%clk 0:01:07]} Re8 {[%clk 0:00:53]} 40. Qf3
{[%clk 0:30:46]} Kf7 {[%clk 0:30:49]} 41. Re4 {[%clk 0:28:34]} Qc5
{[%clk 0:27:59]} 42. Qg3 {[%clk 0:27:52]} e5 {[%clk 0:23:39]} 43. Re1
{[%clk 0:24:55]} Kg7 {[%clk 0:22:52]} 44. Rb1 {[%clk 0:18:31]} Qa7
{[%clk 0:16:53]} 45. Qb3 {[%clk 0:13:41]} Rc8 {[%clk 0:17:12]} 46. Qb4
{[%clk 0:10:29]} Rc5 {[%clk 0:05:14]} 47. Qd2 {[%clk 0:04:21]} Qc7
{[%clk 0:05:09]} 48. Qe3 {[%clk 0:02:43]} Be8 {[%clk 0:05:13]} 49. Rf1
{[%clk 0:02:01]} Bf7 {[%clk 0:04:58]} 50. Qf2 {[%clk 0:01:57]} Qe7
{[%clk 0:05:27]} 51. Rd1 {[%clk 0:02:04]} Ra5 {[%clk 0:04:57]} 52. Qe3
{[%clk 0:01:32]} Qa7 {[%clk 0:05:00]} 53. Qxa7 {[%clk 0:00:58]} Rxa7
{[%clk 0:05:29]} 54. Rc1 {[%clk 0:01:21]} Kf8 {[%clk 0:05:28]} 55. Rc3
{[%clk 0:01:21]} f5 {[%clk 0:05:02]} 56. gxf5 {[%clk 0:01:22]} gxf5
{[%clk 0:05:30]} 57. Rf3 {[%clk 0:01:40]} Bg6 {[%clk 0:05:31]} 58. Rg3
{[%clk 0:01:27]} Kg7 {[%clk 0:05:47]} 59. Rc3 {[%clk 0:01:38]} Kf6
{[%clk 0:05:57]} 60. Rc6 {[%clk 0:02:06]} Ke7 {[%clk 0:06:14]} 61. Kg1
{[%clk 0:02:31]} e4 {[%clk 0:06:13]} 62. Bf1 {[%clk 0:02:46]} Rxa3
{[%clk 0:06:00]} 63. h4 {[%clk 0:03:12]} Ra1 {[%clk 0:05:20]} 64. Kg2
{[%clk 0:03:25]} f4 {[%clk 0:05:02]} 65. Rc7+ {[%clk 0:03:29]} Kf6
{[%clk 0:05:24]} 66. Rd7 {[%clk 0:03:58]} Bf5 {[%clk 0:04:04]} 67. Rxd6+
{[%clk 0:04:23]} Ke5 {[%clk 0:04:28]} 68. Ra6 {[%clk 0:04:39]} f3+
{[%clk 0:04:36]} 69. Kf2 {[%clk 0:05:05]} Rxa6 {[%clk 0:04:27]} 70. Bxa6
{[%clk 0:05:29]} Kf4 {[%clk 0:04:55]} 71. d6 {[%clk 0:05:39]} e3+
{[%clk 0:05:17]} 72. Ke1 {[%clk 0:05:44]} Ke5 {[%clk 0:04:10]} 73. Be2
{[%clk 0:04:45]} f2+ {[%clk 0:04:12]} 74. Kd1 {[%clk 0:05:10]} Bg4
{[%clk 0:03:59]} 0-1

[Event "Aleksandria Cup"]
[Site "?"]
[Date "2015.07.18"]
[Round "7.17"]
[White "Jobava, Baadur"]
[Black "Yayloyan, Konstantin"]
[Result "1-0"]
[LiveChessVersion "1.3.1"]
[BlackElo "2173"]
[WhiteElo "2693"]

1. e4 {[%clk 1:22:46]} c5 {[%clk 1:30:18]} 2. c3 {[%clk 1:22:39]} e6
{[%clk 1:30:30]} 3. f4 {[%clk 1:22:45]} d5 {[%clk 1:29:40]} 4. e5
{[%clk 1:18:56]} Nc6 {[%clk 1:29:33]} 5. Nf3 {[%clk 1:19:20]} Nh6
{[%clk 1:28:52]} 6. Na3 {[%clk 1:19:44]} Nf5 {[%clk 1:28:58]} 7. Nc2
{[%clk 1:19:36]} Be7 {[%clk 1:28:00]} 8. d4 {[%clk 1:18:32]} cxd4
{[%clk 1:22:57]} 9. cxd4 {[%clk 1:15:07]} Qa5+ {[%clk 1:22:32]} 10. Bd2
{[%clk 1:10:11]} Qb6 {[%clk 1:22:44]} 11. Bc3 {[%clk 1:10:35]} Bd7
{[%clk 1:20:36]} 12. Bd3 {[%clk 1:10:22]} Nb4 {[%clk 1:17:42]} 13. Nxb4
{[%clk 1:10:44]} Bxb4 {[%clk 1:18:10]} 14. Qd2 {[%clk 1:11:05]} Bxc3
{[%clk 1:15:31]} 15. bxc3 {[%clk 1:11:26]} Rc8 {[%clk 1:15:22]} 16. O-O
{[%clk 1:10:31]} Qa5 {[%clk 1:09:38]} 17. Rfc1 {[%clk 1:06:49]} Bb5
{[%clk 1:06:47]} 18. g4 {[%clk 1:05:54]} Bxd3 {[%clk 0:58:36]} 19. Qxd3
{[%clk 1:01:12]} Ne7 {[%clk 0:54:25]} 20. f5 {[%clk 0:58:36]} Qa6
{[%clk 0:36:59]} 21. Qxa6 {[%clk 0:57:30]} bxa6 {[%clk 0:37:11]} 22. f6
{[%clk 0:56:49]} Nc6 {[%clk 0:34:37]} 23. c4 {[%clk 0:56:19]} dxc4
{[%clk 0:20:39]} 24. Rxc4 {[%clk 0:55:48]} h6 {[%clk 0:18:52]} 25. Rac1
{[%clk 0:56:08]} Kd7 {[%clk 0:19:03]} 26. d5 {[%clk 0:55:52]} exd5
{[%clk 0:19:09]} 27. e6+ {[%clk 0:56:14]} fxe6 {[%clk 0:18:34]} 28. Rxc6
{[%clk 0:56:28]} Rxc6 {[%clk 0:16:36]} 29. Ne5+ {[%clk 0:56:53]} Kd6
{[%clk 0:17:00]} 30. Nf7+ {[%clk 0:57:20]} Kd7 {[%clk 0:17:25]} 31. Rxc6
{[%clk 0:57:46]} Kxc6 {[%clk 0:17:49]} 32. Nxh8 {[%clk 0:58:13]} gxf6
{[%clk 0:18:12]} 33. Nf7 {[%clk 0:58:41]} Kd7 {[%clk 0:15:17]} 34. Nxh6
{[%clk 0:58:33]} Ke7 {[%clk 0:15:25]} 35. h4 {[%clk 0:56:02]} Kf8
{[%clk 0:15:43]} 36. g5 {[%clk 0:56:11]} fxg5 {[%clk 0:15:49]} 37. h5
{[%clk 0:56:38]} Kg7 {[%clk 0:15:50]} 38. Ng4 {[%clk 0:57:04]} e5
{[%clk 0:16:12]} 39. Kf2 {[%clk 0:57:27]} d4 {[%clk 0:16:15]} 40. Kf3
{[%clk 1:27:01]} d3 {[%clk 0:46:34]} 41. Ne3 {[%clk 1:26:41]} d2 {[%clk 0:46:47]}
42. a4 {[%clk 1:26:43]} e4+ {[%clk 0:46:53]} 43. Kg4 {[%clk 1:27:09]} Kf6
{[%clk 0:47:12]} 44. a5 {[%clk 1:27:35]} 1-0

[Event "Aleksandria Cup"]
[Site "?"]
[Date "2015.07.18"]
[Round "7.18"]
[White "Morchiachishvili, Bachana"]
[Black "Gharibyan, Mamikon"]
[Result "1/2-1/2"]
[LiveChessVersion "1.3.1"]
[BlackElo "2036"]
[WhiteElo "2332"]

1. d4 {[%clk 1:26:34]} Nf6 2. c4 {[%clk 1:26:51]} e6 {[%clk 1:31:43]} 3. Nf3
{[%clk 1:27:12]} b6 {[%clk 1:32:06]} 4. Nc3 {[%clk 1:27:30]} Bb4 {[%clk 1:32:02]}
5. Bg5 {[%clk 1:27:54]} Bb7 {[%clk 1:32:19]} 6. Nd2 {[%clk 1:28:43]} Bxc3
{[%clk 1:31:07]} 7. bxc3 O-O 8. e4 {[%clk 1:29:03]} h6 {[%clk 1:30:10]} 9. Bh4
{[%clk 1:28:14]} g5 {[%clk 1:21:47]} 10. Bg3 {[%clk 1:22:53]} d6 {[%clk 1:13:31]}
11. h4 {[%clk 1:19:42]} Nxe4 12. Nxe4 {[%clk 1:18:28]} Bxe4 {[%clk 1:12:00]} 13.
hxg5 {[%clk 1:08:36]} hxg5 {[%clk 0:48:29]} 14. Bd3 Bg6 {[%clk 0:48:39]} 15. Bxg6
{[%clk 1:02:23]} fxg6 {[%clk 0:31:05]} 16. Qe2 {[%clk 0:57:31]} Kg7
{[%clk 0:27:18]} 17. O-O-O {[%clk 0:39:10]} Qe7 {[%clk 0:21:30]} 18. Rde1 Nd7 19.
Qxe6 {[%clk 0:36:19]} Qxe6 {[%clk 0:21:45]} 20. Rxe6 {[%clk 0:36:47]} Rae8
{[%clk 0:21:40]} 21. Rhe1 {[%clk 0:34:42]} Kf7 {[%clk 0:20:21]} 22. Rxe8
{[%clk 0:35:10]} Rxe8 {[%clk 0:20:21]} 23. Rxe8 {[%clk 0:34:11]} Kxe8
{[%clk 0:19:50]} 24. Kc2 {[%clk 0:32:53]} Ke7 {[%clk 0:18:58]} 25. f3
{[%clk 0:31:34]} Ke6 {[%clk 0:13:07]} 26. Bh2 g4 {[%clk 0:13:24]} 27. fxg4
{[%clk 0:30:50]} Nf6 {[%clk 0:11:25]} 28. d5+ {[%clk 0:27:23]} Kd7 29. g5
{[%clk 0:27:06]} Ng8 {[%clk 0:09:27]} 30. Kb3 Kc8 {[%clk 0:09:00]} 31. Kb4
{[%clk 0:26:53]} Kb7 32. Kb5 {[%clk 0:26:54]} Ne7 {[%clk 0:08:22]} 33. g4
{[%clk 0:26:33]} Nc8 {[%clk 0:06:53]} 34. Bg3 {[%clk 0:26:59]} a6+
{[%clk 0:06:33]} 35. Kb4 {[%clk 0:26:38]} a5+ {[%clk 0:06:45]} 36. Kb5
{[%clk 0:27:06]} Na7+ {[%clk 0:06:41]} 37. Ka4 {[%clk 0:26:30]} Ka6 38. c5
{[%clk 0:26:24]} bxc5 {[%clk 0:06:21]} 39. c4 {[%clk 0:55:54]} Nc8
{[%clk 0:36:17]} 1/2-1/2

[Event "Aleksandria Cup"]
[Site "?"]
[Date "2015.07.18"]
[Round "7.19"]
[White "Qalagashvili, Pridon"]
[Black "Pirverdiyev, Agil"]
[Result "0-1"]
[LiveChessVersion "1.3.1"]
[BlackElo "2313"]
[WhiteElo "2137"]

1. d4 {[%clk 1:30:58]} Nf6 {[%clk 1:30:55]} 2. c4 {[%clk 1:31:23]} e6
{[%clk 1:31:22]} 3. Nf3 {[%clk 1:31:50]} b6 {[%clk 1:31:48]} 4. Bg5
{[%clk 1:32:13]} Bb7 {[%clk 1:32:11]} 5. e3 {[%clk 1:32:40]} Bb4+
{[%clk 1:22:52]} 6. Nbd2 {[%clk 1:32:56]} h6 {[%clk 1:23:11]} 7. Bh4
{[%clk 1:33:20]} g5 {[%clk 1:23:31]} 8. Nxg5 {[%clk 1:26:17]} hxg5
{[%clk 1:23:51]} 9. Bxg5 {[%clk 1:26:46]} Be7 {[%clk 1:21:51]} 10. Qc2
{[%clk 1:22:41]} Ng4 {[%clk 1:18:49]} 11. Bf4 {[%clk 1:21:51]} Bh4
{[%clk 1:19:12]} 12. Ne4 {[%clk 1:19:46]} Na6 {[%clk 1:03:06]} 13. Ng3
{[%clk 1:15:25]} Bg5 {[%clk 1:00:22]} 14. h3 {[%clk 1:11:31]} Bxf4
{[%clk 0:58:33]} 15. exf4 {[%clk 1:11:59]} Nh6 {[%clk 0:57:08]} 16. O-O-O
{[%clk 1:04:52]} Qf6 {[%clk 0:48:42]} 17. Ne2 {[%clk 1:00:40]} Ng4
{[%clk 0:49:01]} 18. Rg1 {[%clk 0:58:24]} Nxf2 {[%clk 0:49:09]} 19. Rd2
{[%clk 0:58:53]} c5 {[%clk 0:43:15]} 20. d5 {[%clk 0:56:52]} exd5
{[%clk 0:42:35]} 21. cxd5 {[%clk 0:57:15]} c4 {[%clk 0:38:58]} 22. Qc3
{[%clk 0:40:47]} Ne4 {[%clk 0:35:39]} 23. Qe3 {[%clk 0:31:02]} Qe7
{[%clk 0:36:03]} 24. Rd4 {[%clk 0:30:35]} Nd6 {[%clk 0:35:27]} 25. Qf3
{[%clk 0:24:17]} b5 {[%clk 0:31:35]} 26. Nc3 {[%clk 0:23:51]} Nc5
{[%clk 0:30:31]} 27. g4 {[%clk 0:21:58]} Kf8 {[%clk 0:24:09]} 28. f5
{[%clk 0:18:46]} Qe5 {[%clk 0:22:03]} 29. Rd2 {[%clk 0:17:05]} b4
{[%clk 0:22:20]} 30. Nd1 {[%clk 0:15:36]} Nde4 {[%clk 0:20:04]} 31. Rc2
{[%clk 0:15:25]} b3 {[%clk 0:19:49]} 0-1

[Event "Aleksandria Cup"]
[Site "?"]
[Date "2015.07.18"]
[Round "7.20"]
[White "Assaubayeva, Bibissara"]
[Black "Hayrapetyan, Artavazd R."]
[Result "0-1"]
[LiveChessVersion "1.3.1"]
[BlackElo "2289"]
[WhiteElo "2103"]

1. d4 {[%clk 1:30:57]} Nf6 {[%clk 1:30:59]} 2. c4 {[%clk 1:31:14]} e6
{[%clk 1:31:28]} 3. Nf3 {[%clk 1:31:36]} d5 {[%clk 1:31:52]} 4. Nc3
{[%clk 1:31:59]} Be7 {[%clk 1:32:17]} 5. Bf4 {[%clk 1:32:22]} O-O
{[%clk 1:32:01]} 6. e3 {[%clk 1:32:44]} c6 {[%clk 1:32:00]} 7. Bd3
{[%clk 1:30:06]} Nbd7 {[%clk 1:30:50]} 8. c5 {[%clk 1:27:01]} b6 {[%clk 1:31:15]}
9. b4 {[%clk 1:27:05]} a5 {[%clk 1:31:41]} 10. a3 {[%clk 1:27:30]} Bb7
{[%clk 1:29:48]} 11. O-O {[%clk 1:20:34]} Qc8 {[%clk 1:30:17]} 12. Qe2
{[%clk 1:15:28]} Ba6 {[%clk 1:28:38]} 13. Bxa6 {[%clk 1:11:34]} Rxa6
{[%clk 1:28:28]} 14. Rfc1 {[%clk 1:06:01]} b5 {[%clk 1:28:44]} 15. Nd2
{[%clk 1:03:17]} Re8 {[%clk 1:24:30]} 16. Bg3 {[%clk 0:56:16]} Bd8
{[%clk 1:24:11]} 17. f4 {[%clk 0:55:57]} Bc7 {[%clk 1:24:17]} 18. Nb3
{[%clk 0:50:10]} Qa8 {[%clk 1:23:19]} 19. Be1 {[%clk 0:45:38]} Rb8
{[%clk 1:20:40]} 20. Nd1 {[%clk 0:40:00]} a4 {[%clk 1:19:06]} 21. Nd2
{[%clk 0:40:22]} Ne4 {[%clk 1:19:30]} 22. Nf2 {[%clk 0:35:12]} f5
{[%clk 1:18:38]} 23. Nf3 {[%clk 0:33:54]} Rf8 {[%clk 1:18:54]} 24. Nd3
{[%clk 0:31:10]} Qe8 {[%clk 1:15:30]} 25. Kf1 {[%clk 0:21:32]} h6
{[%clk 1:15:41]} 26. Bf2 {[%clk 0:19:31]} g5 {[%clk 1:15:48]} 27. g3
{[%clk 0:16:29]} Qh5 {[%clk 1:15:57]} 28. Bg1 {[%clk 0:13:19]} Raa8
{[%clk 1:11:33]} 29. Nde5 {[%clk 0:11:34]} g4 {[%clk 1:00:13]} 30. Ne1
{[%clk 0:11:27]} Qh3+ {[%clk 1:00:30]} 31. Ng2 {[%clk 0:11:04]} Bxe5
{[%clk 0:59:52]} 32. dxe5 {[%clk 0:10:28]} Rfd8 {[%clk 0:57:55]} 33. Ke1
{[%clk 0:07:49]} Qh5 {[%clk 0:58:20]} 34. Kd1 {[%clk 0:07:05]} Qf7
{[%clk 0:58:45]} 35. Rc2 {[%clk 0:05:09]} Ra7 {[%clk 0:57:38]} 36. Kc1
{[%clk 0:04:33]} Qf8 {[%clk 0:57:48]} 37. Kb2 {[%clk 0:04:15]} Ndxc5
{[%clk 0:56:18]} 38. bxc5 {[%clk 0:04:19]} Nxc5 {[%clk 0:56:43]} 39. Rd1
{[%clk 0:02:41]} Ra6 {[%clk 0:54:30]} 40. Ne1 {[%clk 0:30:50]} Ne4
{[%clk 1:24:28]} 41. Nd3 {[%clk 0:25:11]} Rc8 {[%clk 1:17:11]} 42. Rdc1
{[%clk 0:20:07]} Rb6 {[%clk 1:14:18]} 43. Nc5 {[%clk 0:13:49]} b4
{[%clk 1:14:01]} 44. Nd7 {[%clk 0:12:45]} Qd8 {[%clk 1:13:15]} 45. Nxb6
{[%clk 0:11:13]} Qxb6 {[%clk 1:13:30]} 46. axb4 {[%clk 0:07:50]} c5
{[%clk 1:02:34]} 47. Ka1 {[%clk 0:06:56]} c4 {[%clk 0:57:25]} 48. Ra2
{[%clk 0:05:30]} Qxb4 {[%clk 0:55:28]} 49. Qb2 {[%clk 0:05:34]} Qa5
{[%clk 0:55:55]} 50. Bf2 {[%clk 0:03:45]} Nc5 {[%clk 0:54:17]} 51. Be1
{[%clk 0:02:52]} Qa7 {[%clk 0:54:41]} 52. Rd1 {[%clk 0:01:37]} Rb8
{[%clk 0:53:48]} 53. Qc3 {[%clk 0:02:06]} Nb3+ {[%clk 0:52:44]} 54. Kb2
{[%clk 0:02:35]} Kf7 {[%clk 0:51:11]} 55. Kc2 {[%clk 0:02:40]} a3
{[%clk 0:51:36]} 56. Rb1 {[%clk 0:00:47]} Qa4 {[%clk 0:51:59]} 57. Bf2
{[%clk 0:00:43]} Nd4+ {[%clk 0:49:53]} 58. Kc1 {[%clk 0:01:05]} Rxb1+
{[%clk 0:50:16]} 59. Kxb1 {[%clk 0:01:31]} Qd1+ {[%clk 0:50:41]} 60. Qc1
{[%clk 0:01:47]} Qd3+ {[%clk 0:51:05]} 61. Rc2 {[%clk 0:01:49]} Nxc2
{[%clk 0:50:59]} 62. Qxc2 {[%clk 0:02:10]} a2+ {[%clk 0:51:24]} 0-1

[Event "Aleksandria Cup"]
[Site "?"]
[Date "2015.07.19"]
[Round "8.1"]
[White "Baghdasaryen, Vahe"]
[Black "Paichadze, Luka"]
[Result "0-1"]
[LiveChessVersion "1.3.1"]
[BlackElo "2566"]
[WhiteElo "2401"]

1. e4 {[%clk 1:21:14]} c6 {[%clk 1:30:56]} 2. d4 {[%clk 1:21:28]} d5
{[%clk 1:31:21]} 3. exd5 {[%clk 1:21:53]} cxd5 {[%clk 1:31:47]} 4. c4
{[%clk 1:22:19]} Nf6 {[%clk 1:32:40]} 5. Nc3 {[%clk 1:22:45]} g6 6. cxd5
{[%clk 1:22:35]} Nxd5 {[%clk 1:32:55]} 7. Qb3 {[%clk 1:23:00]} Nb6
{[%clk 1:32:32]} 8. Bb5+ {[%clk 0:30:37]} N8d7 {[%clk 1:32:47]} 9. Bf4
{[%clk 0:27:56]} Bg7 {[%clk 1:28:20]} 10. a4 {[%clk 0:26:07]} a6 {[%clk 1:25:43]}
11. Be2 {[%clk 0:25:52]} Nf6 {[%clk 1:21:53]} 12. a5 {[%clk 0:22:57]} Nbd5
{[%clk 1:21:41]} 13. Be5 {[%clk 0:23:16]} O-O {[%clk 1:08:34]} 14. Bf3
{[%clk 0:22:14]} Nxc3 {[%clk 0:48:36]} 15. bxc3 {[%clk 0:22:11]} Be6
{[%clk 0:46:56]} 16. Qxb7 {[%clk 0:21:49]} Bd5 {[%clk 0:45:57]} 17. Bxd5
{[%clk 0:21:21]} Nxd5 {[%clk 0:46:22]} 18. Bxg7 {[%clk 0:21:47]} Kxg7
{[%clk 0:46:46]} 19. Ne2 {[%clk 0:11:23]} Qd6 {[%clk 0:40:42]} 20. Qb2
{[%clk 0:05:35]} Rab8 {[%clk 0:40:35]} 21. Qd2 {[%clk 0:05:10]} Rfc8
{[%clk 0:40:46]} 22. O-O {[%clk 0:05:19]} Rc4 {[%clk 0:40:40]} 23. h4
{[%clk 0:03:08]} h5 {[%clk 0:37:52]} 24. Rfe1 {[%clk 0:03:28]} Qf6
{[%clk 0:36:56]} 25. Ng3 {[%clk 0:02:48]} Qxh4 {[%clk 0:32:55]} 26. Re4
{[%clk 0:03:13]} Qf6 {[%clk 0:33:14]} 27. Re5 {[%clk 0:03:39]} Nxc3
{[%clk 0:31:27]} 28. Rxh5 {[%clk 0:02:53]} Kg8 {[%clk 0:31:46]} 29. Re5
{[%clk 0:01:38]} Rd8 {[%clk 0:30:51]} 30. Rae1 {[%clk 0:01:25]} Rdxd4
{[%clk 0:30:23]} 31. Qb2 {[%clk 0:01:10]} Rd1 {[%clk 0:21:25]} 32. Qb8+
{[%clk 0:01:34]} Kg7 {[%clk 0:18:08]} 33. Rxd1 {[%clk 0:02:00]} Nxd1
{[%clk 0:18:35]} 34. Rf5 {[%clk 0:01:23]} Qa1 {[%clk 0:16:49]} 35. Qe5+
{[%clk 0:00:33]} Qxe5 {[%clk 0:17:13]} 36. Rxe5 {[%clk 0:00:58]} Kf6
{[%clk 0:12:15]} 37. Re1 {[%clk 0:01:23]} Nc3 {[%clk 0:12:26]} 38. Rc1
{[%clk 0:00:48]} Ke6 {[%clk 0:12:47]} 39. Kf1 {[%clk 0:00:33]} Kd5
{[%clk 0:13:05]} 40. f3 {[%clk 0:30:32]} f5 {[%clk 0:41:04]} 41. Rc2
{[%clk 0:27:44]} f4 {[%clk 0:33:59]} 42. Ne2 {[%clk 0:27:17]} Nxe2
{[%clk 0:32:57]} 43. Rxe2 {[%clk 0:27:41]} e6 {[%clk 0:33:03]} 44. Ra2
{[%clk 0:20:50]} Rc5 {[%clk 0:33:16]} 45. Ke2 {[%clk 0:19:52]} g5
{[%clk 0:33:27]} 46. Kd3 {[%clk 0:19:49]} Ke5 {[%clk 0:33:21]} 47. Ke2
{[%clk 0:12:12]} Kf5 {[%clk 0:32:56]} 48. Kd3 {[%clk 0:07:40]} Rd5+
{[%clk 0:33:15]} 49. Ke2 {[%clk 0:07:14]} g4 {[%clk 0:33:20]} 50. Ra1
{[%clk 0:07:35]} Kg5 {[%clk 0:32:07]} 51. Ra4 {[%clk 0:00:38]} e5
{[%clk 0:31:53]} 52. Ra2 {[%clk 0:00:32]} Kh4 {[%clk 0:30:49]} 53. Kf2
{[%clk 0:00:34]} Rb5 {[%clk 0:30:50]} 54. fxg4 {[%clk 0:00:31]} Kxg4
{[%clk 0:31:15]} 55. Ra4 {[%clk 0:00:39]} Rb2+ {[%clk 0:31:23]} 56. Kf1
{[%clk 0:01:05]} Kf5 {[%clk 0:31:30]} 57. Ra3 {[%clk 0:00:32]} e4
{[%clk 0:31:20]} 58. Rc3 {[%clk 0:01:00]} Rb5 {[%clk 0:31:29]} 59. Ra3
{[%clk 0:00:37]} Kg4 {[%clk 0:31:31]} 60. Ra4 {[%clk 0:00:31]} e3
{[%clk 0:31:47]} 61. Re4 {[%clk 0:00:44]} Rb1+ {[%clk 0:31:25]} 62. Ke2
{[%clk 0:01:13]} Rb2+ {[%clk 0:31:42]} 63. Kf1 {[%clk 0:01:36]} Rf2+
{[%clk 0:31:59]} 64. Kg1 {[%clk 0:01:05]} Kg3 {[%clk 0:32:21]} 65. Re6
{[%clk 0:01:31]} Rxg2+ {[%clk 0:32:44]} 66. Kh1 {[%clk 0:01:58]} Rh2+
{[%clk 0:32:42]} 67. Kg1 {[%clk 0:02:26]} Ra2 {[%clk 0:33:05]} 0-1

[Event "Aleksandria Cup"]
[Site "?"]
[Date "2015.07.19"]
[Round "8.3"]
[White "Baklan, Vladimir"]
[Black "Quparadze, Giga"]
[Result "1/2-1/2"]
[LiveChessVersion "1.3.1"]
[BlackElo "2484"]
[WhiteElo "2619"]

1. e4 {[%clk 1:30:57]} c5 {[%clk 1:30:56]} 2. Nf3 {[%clk 1:31:23]} e6
{[%clk 1:31:21]} 3. Nc3 {[%clk 1:31:39]} a6 {[%clk 1:31:41]} 4. d4
{[%clk 1:32:02]} cxd4 {[%clk 1:32:07]} 5. Nxd4 {[%clk 1:32:28]} b5
{[%clk 1:32:33]} 6. Bd3 {[%clk 1:32:38]} Qb6 {[%clk 1:32:57]} 7. Nf3
{[%clk 1:32:27]} Bb7 {[%clk 1:33:02]} 8. O-O {[%clk 1:28:45]} Qc7
{[%clk 1:33:12]} 9. Re1 {[%clk 1:27:16]} Be7 {[%clk 1:33:17]} 10. Bd2
{[%clk 1:26:08]} Nc6 {[%clk 1:31:54]} 11. a4 {[%clk 1:12:12]} b4 {[%clk 1:32:18]}
12. Nd5 {[%clk 1:12:38]} exd5 {[%clk 1:32:44]} 13. exd5 {[%clk 1:13:06]} Nd8
{[%clk 1:33:09]} 14. c4 {[%clk 1:13:31]} Ne6 {[%clk 1:28:51]} 15. dxe6
{[%clk 1:07:50]} dxe6 {[%clk 1:29:15]} 16. Rc1 {[%clk 1:07:54]} Rd8
{[%clk 1:28:11]} 17. Be4 {[%clk 1:06:46]} Bxe4 {[%clk 1:28:04]} 18. Rxe4
{[%clk 1:07:13]} Nf6 {[%clk 1:28:28]} 19. Re2 {[%clk 1:02:47]} O-O
{[%clk 1:22:07]} 20. Qc2 {[%clk 1:01:22]} a5 {[%clk 1:20:44]} 21. h3
{[%clk 0:52:51]} h6 {[%clk 1:18:40]} 22. Ne5 {[%clk 0:48:56]} b3 {[%clk 1:13:55]}
23. Qd1 {[%clk 0:49:08]} Bb4 {[%clk 1:10:45]} 24. Nf3 {[%clk 0:47:56]} e5
{[%clk 1:05:07]} 25. Qe1 {[%clk 0:45:01]} e4 {[%clk 1:01:02]} 26. Bxb4
{[%clk 0:41:15]} exf3 {[%clk 1:01:20]} 27. Re7 {[%clk 0:30:45]} Qf4
{[%clk 1:01:04]} 28. Bc3 {[%clk 0:29:55]} Rc8 {[%clk 0:55:25]} 29. Bxf6
{[%clk 0:20:08]} 1/2-1/2